| 000 | 00000nam 2200000za 4500 |
| 001 | 9.674422 |
| 003 | CaOODSP |
| 005 | 20250120155812 |
| 007 | cr ||||||||||| |
| 008 | 150407|2005||||xxc|||||o f|0| 0 por d |
| 020 | |a0-662-02796-5 |
| 040 | |aCaOODSP|bfre |
| 043 | |an-cn--- |
| 086 | 1 |aCD4-24/2005Por-PDF |
| 110 | 1 |aCanada.|bAgence canadienne de développement international. |
| 245 | 10|a[Document de synthèse - stratégie de coopération canadienne au Brésil 2005-2010] |h[ressource électronique] |
| 246 | 1 |aUma Sintese da Estratégia da Cooperacâo Canadense no Brasil para o periodo de 2005 a 2010 |
| 250 | |a[Édition portugais]. |
| 260 | |aOttawa - Ontario : |bAgence canadienne de développement international |cc2005. |
| 300 | |a15p.|bcarte, photographies |
| 500 | |aPublié aussi en français sous le titre : Document de synthèse - stratégie de coopération canadienne au Brésil 2005-2010. |
| 546 | |aTexte en portugais. |
| 590 | |a12-09-Supp|b2012-03-21 |
| 775 | 08|tDocument de synthèse - stratégie de coopération canadienne au Brésil 2005-2010 |w(CaOODSP)9.632015 |
| 791 | |t[A synthesis of Canada's cooperation strategy in Brazil 2005-2010] |eeng|w(CaOODSP)9.674421 |
| 856 | 40|ahttp://publications.gc.ca|qPDF|s959 Ko|uhttps://publications.gc.ca/collections/collection_2009/acdi-cida/CD4-24-2005Por.pdf |